00521nam a2200169 a 4500008004100000020001800041050001500059100002300074245009900097250001200196260003400208300002000242350001000262650002500272650003600297700001800333160505s2005 ||||||||||||||||| || u a9781841693590 aBF 311 Eys aEysenck, Michael W10aCognitive psychology: a student's handbook. (5th ed.)cBy Michael W. Eysenck and Mark T. Keane a5th ed. aHove:bPsychology Pressc2005 aix, 646p.: ill. a55.00 aCOGNITION--TEXTBOOKS aCOGNITIVE PSYCHOLOGY--TEXTBOOKS aKeane, Mark T